Plants I Have Seen - Statistics

General Stats
  • This quiz has been taken 15 times
  • The average score is 4 of 8
Answer Stats
Picture Hint Answer % Correct
Sunflower
100%
Cook ____ Pine
93%
Pineapple
86%
Banana
71%
______ Cactus Saguaro
50%
Haleakalā ___________ Silversword
21%
Hint: photo taken in Lāhainā, Hawaii Banyan
14%
Yucca
7%
No matching quizzes found
Score Distribution
Percent of People with Each Score
Percentile by Number Answered
Your Score History
You have not taken this quiz